Geography Quiz

Random Geography or State Quiz
Score 0/30 Timer 05:00
0 Plays Today
Hint Answer % Correct
Second Largest CityMiami
95.7%
Bordering Ocean Atlantic Ocean
92.2%
Bordering StateGeorgia
91.7%
Bordering StateAlabama
87.6%
Capital City Tallahassee
87.4%
Largest Amusement ResortWalt Disney World Resort
86.7%
Flag Color (excluding seal)Red
82.8%
Flag Color (excluding seal)White
82.7%
NFL Team (name one)Buccaneers
81.9%
Third Largest CityTampa
81.8%
Largest CityJacksonville
81.5%
Time Zone(s)Central/Eastern
80.3%
State NicknameThe Sunshine State
77.7%
NBA Team (name one)Heat
77.5%
Nearest CountryBahamas
75%
Hint Answer % Correct
National Park (Wetlands)Everglades
74.1%
MLB Team (name one)Rays
71.9%
Number of RepresentativesTwenty-seven
65.9%
# State to Enter Union Twenty-seventh
65.7%
Demonym Floridian
63.6%
Second Largest Amusement ResortUniversal Orlando Resort
62.6%
NHL Team (name one)Panthers
57.1%
Official NameState of Florida
51.9%
US SenatorMarco Rubio, Rick Scott
44.7%
NASA Field CenterJohn F. Kennedy Space Center
41.5%
Largest LakeOkeechobee
34.7%
GovernorRon DeSantis
30.9%
National Park (Bay)Biscayne
19.6%
National Park (Islands)Dry Tortugas
14.2%
Longest RiverChattahoochee
8.2%
Remove Ads.
Support Sporcle.
Get the best of Sporcle when you Go Orange. This ad-free experience offers more features, more stats, and more fun while also helping to support Sporcle. Thank you for becoming a member.

You're not logged in!

Compare scores with friends on all Sporcle quizzes.
OR
Log In

Show Comments

Extras

Top Quizzes Today


Score Distribution

Your Account Isn't Verified!

In order to create a playlist on Sporcle, you need to verify the email address you used during registration. Go to your Sporcle Settings to finish the process.

Report this User

Report this user for behavior that violates our Community Guidelines.

Details: